| 000 | 00956nam a2200265Ia 4500 | ||
|---|---|---|---|
| 001 | 21992 | ||
| 005 | 20260320113332.0 | ||
| 008 | 260320s9999||||xx |||||||||||||| ||und|| | ||
| 020 | _a9788472097216 | ||
| 041 | _aESP | ||
| 082 |
_a289 _bR746 |
||
| 100 |
_aRhonheimer, Martin, _eAUT |
||
| 245 | 0 |
_aLibertad económica, capitalismo y ética cristiana : _bensayos para un encuentro entre economía de mercado y pensamiento cristiano |
|
| 246 |
_a _5 _b |
||
| 250 | _aSegunda edición | ||
| 260 |
_aMadrid : _bUnión Editorial, _c2019 |
||
| 300 |
_a421 páginas : _b _c21 cm. _e |
||
| 440 |
_a(Cristianismo y economía de mercado _n; número 5) _v |
||
| 650 | _aREL | ||
| 653 | _aCristianismo; Ética cristiana; Filosofía moral | ||
| 654 | _aCHU | ||
| 700 |
_aSilar, Mario, _cEDT |
||
| 856 |
_uhttps://0u20fmsnu-y-https-research-ebsco-com.itmsp.museknowledge.com/c/qxo6us/search _zVéase además: Base de datos EBSCOhost |
||
| 942 |
_cLIB _dJUS _fMAT _2ddc _n |
||
| 999 |
_c21992 _d21992 |
||